00489nam a2200121Ia 45000010005000000080041000050820022000461000025000682450208000932600024003019010027003259990015003523887241024s9999 xx 000 0 und d aRD/613/F981m/2012 aFundación Plenitud 0aMedición del gasto en SIDA 2012 y serie de tiempo 2009-2011República Dominicana. Presentado a Consejo Nacional para el VI y el SIDA /CONAVIHSIDA) Programa Conjunto de las Naciones Unidas sobre el VIH bSanto Domingoc2014 a28/1/2015 9:44:01 a.m. c8081d8081